000
00317nam a22001337a 4500
020
_a
978-0916150280
041
_a
ENG
100
_a
Jensen.M.E
245
_a
Design And Operation Of Farm Irrigation Systems
260
_a
Michigan
_b
An ASAE Monograph
_c
1980
300
_a
829
650
_a
IDE
856
_u
IDE ( 44 )
999
_c
1576
_d
1576